000 01089nam a2200277Ia 4500
001 ebr10285265
003 CaPaEBR
006 m u
007 cr cn|||||||||
008 050211s2006 enka s 001 0 eng d
020 _z9781412919074
040 _aCaPaEBR
_cCaPaEBR
035 _a(OCoLC)323477521
050 1 4 _aBF723.I646
_bL56 2006eb
100 1 _aLing, John.
245 1 0 _aI can't do that!
_h[electronic resource] :
_bmy social stories to help with communication, self-care and personal skills /
_cJohn Ling.
260 _aLondon :
_bPaul Chapman,
_cc2006.
300 _a91 p. :
_bill.
500 _aIncludes index.
533 _aElectronic reproduction.
_bPalo Alto, Calif. :
_cebrary,
_d2009.
_nAvailable via World Wide Web.
_nAccess may be limited to ebrary affiliated libraries.
650 0 _aChild psychology.
650 0 _aInterpersonal relations in children.
655 7 _aElectronic books.
_2local
710 2 _aebrary, Inc.
856 4 0 _uhttp://site.ebrary.com/lib/rucke/Doc?id=10285265
_zAn electronic book accessible through the World Wide Web; click to view
999 _c1908
_d1908